<?xml version="1.0" encoding="UTF-8"?>
<record
    xmlns:xsi="http://www.w3.org/2001/XMLSchema-instance"
    xsi:schemaLocation="http://www.loc.gov/MARC21/slim http://www.loc.gov/standards/marcxml/schema/MARC21slim.xsd"
    xmlns="http://www.loc.gov/MARC21/slim">

  <leader>00889nam a2200265 a 4500</leader>
  <controlfield tag="001">000044391</controlfield>
  <controlfield tag="003">DO-SdBNP</controlfield>
  <controlfield tag="005">20171101102357.0</controlfield>
  <controlfield tag="007">000044391</controlfield>
  <controlfield tag="008">140626s1993    dr a          000 0 spa d</controlfield>
  <datafield tag="040" ind1=" " ind2=" ">
    <subfield code="a">BPMSU</subfield>
    <subfield code="b">spa</subfield>
    <subfield code="c">BPMSU</subfield>
  </datafield>
  <datafield tag="092" ind1=" " ind2=" ">
    <subfield code="a">xxxx</subfield>
    <subfield code="b">xxxx</subfield>
  </datafield>
  <datafield tag="100" ind1="1" ind2=" ">
    <subfield code="a">Tolentino, Marianne de</subfield>
  </datafield>
  <datafield tag="245" ind1="1" ind2="0">
    <subfield code="a">Juguemos a trabajar :</subfield>
    <subfield code="b">doce historias de ni&#xF1;os dominicanos /</subfield>
    <subfield code="c">Marianne de Tolentino ; im&#xE1;genes Jane Luisa Geraldino ; presentaci&#xF3;n Freddy Ginebra Giudicelli.</subfield>
  </datafield>
  <datafield tag="260" ind1=" " ind2=" ">
    <subfield code="a">Santo Domingo :</subfield>
    <subfield code="b">Amigo del hogar,</subfield>
    <subfield code="c">1993.</subfield>
  </datafield>
  <datafield tag="300" ind1=" " ind2=" ">
    <subfield code="a">30 p. :</subfield>
    <subfield code="b">il. </subfield>
    <subfield code="c">24 cm.</subfield>
  </datafield>
  <datafield tag="700" ind1="1" ind2="2">
    <subfield code="a">Geraldino, Jane Luisa</subfield>
    <subfield code="e">il.</subfield>
  </datafield>
  <datafield tag="700" ind1="1" ind2="2">
    <subfield code="a">Ginebra Giudicelli, Freddy</subfield>
    <subfield code="e">prest.</subfield>
  </datafield>
  <datafield tag="930" ind1=" " ind2="1">
    <subfield code="l"> </subfield>
    <subfield code="m"> </subfield>
    <subfield code="8"> </subfield>
    <subfield code="f"> </subfield>
    <subfield code="p"> </subfield>
    <subfield code="g"> </subfield>
  </datafield>
  <datafield tag="930" ind1=" " ind2="1">
    <subfield code="l"> </subfield>
    <subfield code="m"> </subfield>
    <subfield code="8"> </subfield>
    <subfield code="f"> </subfield>
    <subfield code="p"> </subfield>
    <subfield code="g"> </subfield>
    <subfield code="h"> </subfield>
  </datafield>
  <datafield tag="942" ind1=" " ind2=" ">
    <subfield code="2">ddc</subfield>
    <subfield code="c">BK</subfield>
  </datafield>
  <datafield tag="945" ind1=" " ind2=" ">
    <subfield code="a">IInventariado infantil dom / 2017</subfield>
  </datafield>
  <datafield tag="952" ind1=" " ind2=" ">
    <subfield code="0">0</subfield>
    <subfield code="1">0</subfield>
    <subfield code="2">ddc</subfield>
    <subfield code="4">0</subfield>
    <subfield code="7">0</subfield>
    <subfield code="8">CI-D</subfield>
    <subfield code="a">BPMET</subfield>
    <subfield code="b">BPMET</subfield>
    <subfield code="d">2015-02-16</subfield>
    <subfield code="l">0</subfield>
    <subfield code="p">BPMSU15041329</subfield>
    <subfield code="r">2015-02-16</subfield>
    <subfield code="w">2015-02-16</subfield>
    <subfield code="y">BK</subfield>
  </datafield>
  <datafield tag="952" ind1=" " ind2=" ">
    <subfield code="0">0</subfield>
    <subfield code="1">0</subfield>
    <subfield code="2">ddc</subfield>
    <subfield code="4">0</subfield>
    <subfield code="7">0</subfield>
    <subfield code="8">CI-D</subfield>
    <subfield code="a">BPMET</subfield>
    <subfield code="b">BPMET</subfield>
    <subfield code="d">2015-02-16</subfield>
    <subfield code="l">0</subfield>
    <subfield code="p">BPMSU15041330</subfield>
    <subfield code="r">2015-02-16</subfield>
    <subfield code="t">e. 2</subfield>
    <subfield code="w">2015-02-16</subfield>
    <subfield code="y">BK</subfield>
  </datafield>
  <datafield tag="956" ind1=" " ind2=" ">
    <subfield code="a"> </subfield>
    <subfield code="b"> </subfield>
    <subfield code="c"> </subfield>
    <subfield code="l"> </subfield>
    <subfield code="h"> </subfield>
  </datafield>
  <datafield tag="956" ind1=" " ind2=" ">
    <subfield code="a">VMATEO</subfield>
    <subfield code="b">10</subfield>
    <subfield code="c">20140630</subfield>
    <subfield code="l">BPMUS</subfield>
    <subfield code="h">0069</subfield>
  </datafield>
  <datafield tag="999" ind1=" " ind2=" ">
    <subfield code="c">7413</subfield>
    <subfield code="d">7413</subfield>
  </datafield>
</record>
